| Tag |
First Indicator |
Second Indicator |
Subfields |
| LEADER |
00000cam a2200000 a 4500 |
| 001 |
in00000855673 |
| 005 |
20151019065603.0 |
| 008 |
850520s1985 dcu f00000 eng d |
| 010 |
|
|
|a gp 85021031
|
| 035 |
|
|
|a (OCoLC)12087615
|
| 035 |
|
|
|9 AED1625AM
|
| 040 |
|
|
|a GPO
|c GPO
|d UtOrBLW
|
| 074 |
|
|
|a 569-B
|
| 086 |
0 |
|
|a GS 4.6/2:R 24/8
|
| 245 |
0 |
0 |
|a For the record :
|b guidelines for official records and personal papers.
|
| 264 |
|
1 |
|a [Washington, D.C.?] :
|b Documentation Standards Division, Office of Records Administration, National Archives and Records Administration,
|c [1985?]
|
| 300 |
|
|
|a 12 unnumbered pages ;
|c 23 x 10 cm.
|
| 336 |
|
|
|a text
|b txt
|2 rdacontent
|
| 337 |
|
|
|a unmediated
|b n
|2 rdamedia
|
| 338 |
|
|
|a volume
|b nc
|2 rdacarrier
|
| 650 |
|
0 |
|a Public records
|z United States.
|
| 650 |
|
0 |
|a Government paperwork
|z United States.
|
| 710 |
1 |
|
|a United States.
|b National Archives and Records Administration.
|b Documentation Standards Division.
|
| 740 |
0 |
|
|a Guidelines for official records and personal papers.
|
| 999 |
|
|
|a MARS
|
| 999 |
f |
f |
|s 8222f92e-3e91-323f-a6e6-6c3db9c3bd00
|i af6b92e1-631f-3fb7-8063-29ad36dd1eb4
|t 0
|
| 952 |
f |
f |
|p normal
|a Texas A&M University
|b College Station
|c Sterling C. Evans Library
|d Evans: US Documents (Annex 5th floor)
|t 0
|e GS 4.6/2:R 24/8
|h Superintendent of Documents classification
|i unmediated -- volume
|m A14836972193
|
| 998 |
f |
f |
|a GS 4.6/2:R 24/8
|t 0
|l Evans: US Documents (Annex 5th floor)
|